[Event "BUL students championship"]
[Site "?"]
[Date "2011.11.05"]
[Round "5.2"]
[White "Dimitrov, Alexander"]
[Black "Enchev, Ivajlo"]
[Result "0-1"]
[WhiteElo "2004"]
[BlackElo "2424"]
[PlyCount "36"]
[EventDate "2011.11.02"]
[SourceDate "2011.11.02"]

1. e4 d6 2. d4 Nf6 3. Nc3 e5 4. dxe5 dxe5 5. Qxd8+ Kxd8 6. Bg5 Be6 7. O-O-O+
Nbd7 8. f4 exf4 9. Bxf4 Ng4 10. Nh3 Bc5 11. Nd5 Rc8 12. Bc4 c6 13. Bg5+ Ke8 14.
Rhe1 Nge5 15. b4 cxd5 16. exd5 Bxh3 17. bxc5 Rxc5 18. Bf4 f6 0-1

[Event "BUL students championship"]
[Site "?"]
[Date "2011.11.05"]
[Round "5.9"]
[White "Vladimirova, Maria"]
[Black "Krastev, Krasimir Naidenov"]
[Result "1-0"]
[WhiteElo "1997"]
[BlackElo "1804"]
[PlyCount "43"]
[EventDate "2011.11.02"]
[SourceDate "2011.11.02"]

1. e4 e6 2. d4 d5 3. Nc3 Nf6 4. Bd3 Bb4 5. e5 Ne4 6. Nge2 c5 7. O-O Nxf2 8.
Rxf2 c4 9. a3 cxd3 10. axb4 dxe2 11. Qxe2 Nc6 12. Nb5 O-O 13. c3 a6 14. Qg4 f6
15. exf6 Rf7 16. Qg3 Rxf6 17. Bg5 Kh8 18. Raf1 axb5 19. Rxf6 Bd7 20. Rf7 Qe8
21. Bh6 Ne7 22. Qxg7# 1-0

[Event "BUL students championship"]
[Site "?"]
[Date "2011.11.05"]
[Round "5.5"]
[White "Kurtenkov, Alexander"]
[Black "Vlashki, Nino"]
[Result "1/2-1/2"]
[WhiteElo "2135"]
[BlackElo "2252"]
[PlyCount "60"]
[EventDate "2011.11.02"]
[SourceDate "2011.11.02"]

1. c4 Nf6 2. Nc3 e6 3. e4 d5 4. exd5 exd5 5. d4 Bb4 6. a3 Bxc3+ 7. bxc3 O-O 8.
Bd3 Re8+ 9. Ne2 dxc4 10. Bxc4 Be6 11. Bd3 c5 12. O-O cxd4 13. Nxd4 Bd5 14. Bg5
Nbd7 15. Bb5 Re7 16. Nf5 Re5 17. Bxd7 Qxd7 18. Bxf6 Rxf5 19. Qg4 g6 20. Bd4 h6
21. f3 Kh7 22. Qh4 g5 23. Qg4 Kg6 24. Qg3 Kh7 25. Qg4 Qe6 26. Rae1 Qg6 27. Qg3
Bc4 28. Rf2 Rf4 29. Be5 Re8 30. Rd2 Rf5 1/2-1/2

[Event "BUL students championship"]
[Site "?"]
[Date "2011.11.05"]
[Round "5.4"]
[White "Kukov, Velislav"]
[Black "Kalchev, Sava"]
[Result "1-0"]
[WhiteElo "2416"]
[BlackElo "1682"]
[PlyCount "63"]
[EventDate "2011.11.02"]
[SourceDate "2011.11.02"]

1. d4 Nf6 2. c4 e6 3. Nc3 Bb4 4. Bg5 d5 5. e3 O-O 6. Qb3 Bxc3+ 7. Qxc3 Nbd7 8.
cxd5 exd5 9. Bd3 Re8 10. Ne2 c6 11. O-O Nf8 12. Qc2 Ng6 13. Ng3 h6 14. Bxf6
Qxf6 15. b4 a6 16. a4 Bd7 17. Qb3 Nh4 18. Rfc1 Qg5 19. b5 axb5 20. axb5 f5 21.
Rxa8 Rxa8 22. bxc6 Bxc6 23. f4 Qe7 24. Nf1 Ra3 25. Qc2 Qf7 26. g3 Ba4 27. Qc8+
Kh7 28. Bb1 Qg6 29. Kh1 Qg4 30. gxh4 Qf3+ 31. Kg1 Qg4+ 32. Ng3 1-0

[Event "BUL students championship"]
[Site "?"]
[Date "2011.11.05"]
[Round "5.1"]
[White "Mladenov, Plamen"]
[Black "Janev, Tihomir"]
[Result "1-0"]
[WhiteElo "2373"]
[BlackElo "2366"]
[PlyCount "117"]
[EventDate "2011.11.02"]
[SourceDate "2011.11.02"]

1. d4 f5 2. c4 Nf6 3. Nf3 e6 4. g3 Be7 5. Bg2 O-O 6. O-O d6 7. Nbd2 Nc6 8. Qb3
e5 9. d5 Nb8 10. c5 Nbd7 11. c6 Nc5 12. Qc2 a5 13. Nb3 Nce4 14. Nfd2 a4 15.
Nxe4 Nxe4 16. Nd2 Nc5 17. b4 axb3 18. cxb7 Bxb7 19. Nxb3 Nxb3 20. Qxb3 Ba6 21.
Qc2 Qd7 22. Be3 f4 23. Bc1 f3 24. Bxf3 Rxf3 25. exf3 Bxf1 26. Kxf1 Qb5+ 27. Kg2
Qxd5 28. Qxc7 Rf8 29. Qc3 e4 30. fxe4 Qxe4+ 31. Kg1 Bf6 32. Qb3+ Kh8 33. Bb2
Bd4 34. Bxd4 Qxd4 35. Rf1 h5 36. Qd1 Qc5 37. Qd2 h4 38. Qe3 hxg3 39. hxg3 Qxe3
40. fxe3 Ra8 41. Ra1 Ra3 42. Kf2 Kh7 43. Kf3 Kg6 44. Rd1 Rxa2 45. Rxd6+ Kf7 46.
Rb6 Ra1 47. g4 Rf1+ 48. Ke4 g6 49. Ke5 Kg7 50. Rb2 Kh6 51. Rg2 Kg5 52. Ke4 Kh4
53. g5 Kh3 54. Rd2 Kg4 55. Ke5 Rf5+ 56. Kd6 Kf3 57. Rd5 Ke4 58. Rxf5 Kxf5 59.
e4+ 1-0

[Event "BUL students championship"]
[Site "?"]
[Date "2011.11.05"]
[Round "5.3"]
[White "Ivanov, Stojan Lubomirov"]
[Black "Bojchev, Marian"]
[Result "1-0"]
[WhiteElo "2280"]
[BlackElo "2389"]
[PlyCount "104"]
[EventDate "2011.11.02"]
[SourceDate "2011.11.02"]

1. d4 d5 2. c4 e6 3. Nc3 c5 4. e3 Nf6 5. Nf3 Nc6 6. Be2 dxc4 7. Bxc4 cxd4 8.
exd4 Be7 9. O-O O-O 10. Re1 Nb4 11. Ne5 Nbd5 12. Bb3 Qd6 13. Qf3 b6 14. Bg5 Bb7
15. Bxf6 Bxf6 16. Nxd5 exd5 17. Qg3 Rfd8 18. Rac1 Rac8 19. Rxc8 Bxc8 20. Ng4
Qxg3 21. Nxf6+ gxf6 22. fxg3 Be6 23. Rc1 Rd7 24. Kf2 Kf8 25. h3 Ke7 26. Ke3 Kd6
27. Kf4 Rc7 28. Rxc7 Kxc7 29. g4 h6 30. Kg3 f5 31. gxf5 Bxf5 32. Bxd5 f6 33.
Kf4 Bd7 34. Be4 Kd6 35. Kg3 f5 36. Bc2 Ke6 37. Kf4 Kf6 38. Bd3 b5 39. b4 a6 40.
Bc2 Bc8 41. Bb3 Bb7 42. d5 Ba8 43. d6 Bc6 44. a3 Be8 45. Bd5 Bd7 46. g3 Be8 47.
Bg8 Bd7 48. Bh7 h5 49. Bg8 Be8 50. Bd5 Bd7 51. Bb7 Ke6 52. Bxa6 Kxd6 1-0

[Event "BUL students championship"]
[Site "?"]
[Date "2011.11.06"]
[Round "6.4"]
[White "Vlashki, Nino"]
[Black "Dimitrov, Alexander"]
[Result "1-0"]
[WhiteElo "2252"]
[BlackElo "2004"]
[PlyCount "61"]
[EventDate "2011.11.02"]
[SourceDate "2011.11.02"]

1. d4 d5 2. c4 dxc4 3. Nc3 e5 4. e3 exd4 5. exd4 Bf5 6. Bxc4 Nc6 7. Be3 Bd6 8.
Qb3 Qd7 9. Bxf7+ Qxf7 10. Qxb7 Nb4 11. Qxa8+ Kd7 12. Nf3 Qc4 13. Rc1 Nd3+ 14.
Kd2 Nxb2 15. Ne5+ Bxe5 16. dxe5 Nd3 17. Qd5+ Qxd5 18. Nxd5 c6 19. e6+ Bxe6 20.
Kxd3 Bxd5 21. Rb1 Nf6 22. Rb7+ Ke6 23. f3 Rd8 24. Ke2 Bxa2 25. Rxa7 Bc4+ 26.
Kf2 Rd7 27. Re1 Rxa7 28. Bxa7+ Kf7 29. Bd4 Nd7 30. Ra1 Be6 31. Ra7 1-0

[Event "BUL students championship"]
[Site "?"]
[Date "2011.11.06"]
[Round "6.2"]
[White "Enchev, Ivajlo"]
[Black "Kukov, Velislav"]
[Result "1-0"]
[WhiteElo "2424"]
[BlackElo "2416"]
[Annotator ",Yordan"]
[PlyCount "61"]
[EventDate "2011.11.02"]
[SourceDate "2011.11.02"]

1. d4 Nf6 2. Bg5 Ne4 3. Bf4 c5 4. f3 Qa5+ 5. c3 Nf6 6. Nd2 cxd4 7. Nb3 Qd8 8.
cxd4 d5 9. e3 Nc6 10. Rc1 g6 11. Ne2 Bg7 12. Nc3 a6 13. Be2 O-O 14. O-O b6 15.
e4 Be6 16. e5 Ne8 17. Be3 a5 18. a4 Nc7 19. Qd2 Nb4 20. Bh6 Bc8 21. Bxg7 Kxg7
22. f4 f5 23. Rf3 Ba6 24. Bxa6 Nbxa6 25. Na1 Qd7 26. Nc2 Rfc8 27. Ne3 Nb4 28.
Kh1 h5 29. Rg3 Kf7 30. Rf1 e6 31. Rh3 $138 1-0

[Event "BUL students championship"]
[Site "?"]
[Date "2011.11.06"]
[Round "6.3"]
[White "Janev, Tihomir"]
[Black "Bojchev, Marian"]
[Result "0-1"]
[WhiteElo "2366"]
[BlackElo "2389"]
[PlyCount "96"]
[EventDate "2011.11.02"]
[SourceDate "2011.11.02"]

1. d4 Nf6 2. c4 e6 3. Nc3 Bb4 4. e3 Bxc3+ 5. bxc3 b6 6. Bd3 Bb7 7. f3 c5 8. Ne2
d6 9. O-O Nc6 10. e4 Qc7 11. Qe1 O-O-O 12. Be3 Kb8 13. Nc1 Nd7 14. Nb3 f6 15.
a4 a5 16. Rb1 Ne7 17. Rf2 Ka7 18. Rfb2 Rb8 19. Qg3 g5 20. dxc5 Nxc5 21. Nd4 Ba6
22. Nb5+ Bxb5 23. Rxb5 Ng6 24. Bf1 Ne5 25. Qf2 h5 26. Rd1 g4 27. Rxd6 Qxd6 28.
Rxc5 Ka8 29. Rb5 gxf3 30. Bxb6 Ng4 31. e5 Nxf2 32. exd6 Ne4 33. c5 f2+ 34. Kh1
Nd2 35. Rxa5+ Kb7 36. Ra7+ Kc6 37. Bb5+ Kd5 38. g3 f1=Q+ 39. Bxf1 Nxf1 40. a5
Nd2 41. d7 Nc4 42. Rc7 Rhd8 43. a6 Rxb6 44. cxb6 Nxb6 45. a7 Kd6 46. Rc8 Kxd7
47. Rc5 Rh8 48. Kg2 Kd6 0-1

[Event "BUL students championship"]
[Site "?"]
[Date "2011.11.06"]
[Round "6.7"]
[White "Kirov, Dimitar"]
[Black "Kurtenkov, Al;exander"]
[Result "1-0"]
[WhiteElo "2105"]
[BlackElo "2135"]
[PlyCount "87"]
[EventDate "2011.11.02"]
[SourceDate "2011.11.02"]

1. e4 e5 2. Nf3 Nc6 3. Bc4 Nf6 4. Nc3 Bc5 5. d3 h6 6. Be3 Bxe3 7. fxe3 d6 8.
Qd2 Na5 9. Bb3 Nxb3 10. axb3 Qe7 11. h3 Bd7 12. g4 a6 13. Qf2 O-O-O 14. Nh4 Be6
15. O-O-O g6 16. Nf3 b5 17. Rhf1 Nh7 18. d4 h5 19. dxe5 hxg4 20. exd6 Rxd6 21.
Rxd6 Qxd6 22. hxg4 Bxg4 23. e5 Qd7 24. Nd4 c5 25. Qg2 Kb8 26. Nc6+ Kc7 27. Nd5+
Kb7 28. Na5+ Ka7 29. Rh1 Rd8 30. e4 Ng5 31. Kb1 Bf3 32. Qxg5 Bxh1 33. Qf6 Rb8
34. Nc6+ Kb7 35. Nxb8 Kxb8 36. Qh8+ Kb7 37. Qxh1 Qg4 38. Qe1 b4 39. Ka2 Qg5 40.
Qe3 Qxe3 41. Nxe3 Kc6 42. Kb1 Kd7 43. Kc1 Ke6 44. Ng4 1-0

[Event "BUL students championship"]
[Site "?"]
[Date "2011.11.06"]
[Round "6.5"]
[White "Nachev, Nasko"]
[Black "Toshev, Vladimir"]
[Result "1-0"]
[WhiteElo "2182"]
[BlackElo "1894"]
[PlyCount "61"]
[EventDate "2011.11.02"]
[SourceDate "2011.11.02"]

1. Nf3 Nf6 2. g3 d5 3. Bg2 c5 4. d3 e6 5. O-O Bd6 6. Nbd2 O-O 7. e4 Qc7 8. Qe2
Nc6 9. Re1 e5 10. h3 d4 11. Nf1 h6 12. g4 Be6 13. Ng3 Ne7 14. Nh4 Nh7 15. Nhf5
Ng5 16. Rf1 f6 17. Nh5 Nxf5 18. gxf5 Bf7 19. Qg4 Bxh5 20. Qxh5 Qf7 21. Qg4 Kh8
22. Bf3 Rac8 23. Be2 Nh7 24. Qh4 Ng5 25. Qg4 b5 26. Qh4 c4 27. Bh5 Qc7 28. Qg3
cxd3 29. cxd3 Qc5 30. h4 Nf7 31. Kh1 1-0

[Event "BUL students championship"]
[Site "?"]
[Date "2011.11.06"]
[Round "6.1"]
[White "Ivanov, Stojan Lubomirov"]
[Black "Mladenov, Plamen"]
[Result "1-0"]
[WhiteElo "2280"]
[BlackElo "2373"]
[PlyCount "125"]
[EventDate "2011.11.02"]
[SourceDate "2011.11.02"]

1. d4 d5 2. c4 e6 3. Nc3 Be7 4. Nf3 c6 5. e4 Nf6 6. e5 Nfd7 7. Bd3 a6 8. a4 a5
9. h4 Na6 10. cxd5 exd5 11. Ng5 Nf8 12. Qh5 Bxg5 13. hxg5 Nb4 14. Bb1 Be6 15.
g4 Qb6 16. Be3 Ng6 17. f4 Nxf4 18. Bxf4 Qxd4 19. Qh2 Bxg4 20. Qf2 Qc4 21. Rh4
Be6 22. Be3 Nd3+ 23. Bxd3 Qxd3 24. Bc5 h5 25. gxh6 Rxh6 26. Rxh6 gxh6 27. Qf6
Qg3+ 28. Kd2 Qg5+ 29. Qxg5 hxg5 30. Ne2 Kd7 31. Rh1 Rg8 32. Bb6 g4 33. Ng3 Rc8
34. Bc5 Kc7 35. Rh7 Rg8 36. Nf5 b6 37. Nh6 Re8 38. Bd6+ Kc8 39. Nxf7 g3 40. Ng5
g2 41. Nxe6 Rxe6 42. Rg7 Rh6 43. Rxg2 Kd7 44. Rg7+ Ke6 45. Rb7 d4 46. Rxb6 Kd5
47. Rb3 Rh2+ 48. Kd3 c5 49. Rb5 Rh3+ 50. Kc2 Rh2+ 51. Kb3 Rh3+ 52. Ka2 d3 53.
Rxc5+ Ke4 54. Kb3 Rh1 55. Kc3 Ke3 56. Rd5 Rc1+ 57. Kb3 d2 58. e6 Rc8 59. e7 Ke2
60. Bc7 Re8 61. Bxa5 Rb8+ 62. Kc2 Rc8+ 63. Bc3 1-0

[Event "BUL students championship"]
[Site "?"]
[Date "2011.11.06"]
[Round "7.6"]
[White "Stoyanov, Stefan"]
[Black "Kirov, Dimitar"]
[Result "0-1"]
[WhiteElo "1821"]
[BlackElo "2105"]
[PlyCount "68"]
[EventDate "2011.11.02"]
[SourceDate "2011.11.02"]

1. Nf3 Nf6 2. g3 d5 3. Bg2 c5 4. d3 Nc6 5. O-O e6 6. Na3 Be7 7. c4 O-O 8. Rb1
Re8 9. Bd2 Bf8 10. cxd5 exd5 11. Nc2 a5 12. d4 b6 13. Bg5 Bf5 14. Rc1 Bxc2 15.
Rxc2 Nb4 16. Rd2 Nxa2 17. dxc5 Bxc5 18. e4 h6 19. Bxf6 Qxf6 20. e5 Qe7 21. Rxd5
Rad8 22. e6 Rxd5 23. Qxd5 Qxe6 24. Rd1 Qxd5 25. Rxd5 Re2 26. Rd2 Bxf2+ 27. Kf1
Rxd2 28. Nxd2 Bd4 29. b3 b5 30. Bc6 Nc3 31. Ne4 Nxe4 32. Bxe4 a4 33. bxa4 bxa4
34. Bd5 Kf8 0-1

[Event "BUL students championship"]
[Site "?"]
[Date "2011.11.06"]
[Round "7.8"]
[White "Kalchev, Sava"]
[Black "Kurtenkov, Alexander"]
[Result "1/2-1/2"]
[WhiteElo "1682"]
[BlackElo "2135"]
[PlyCount "102"]
[EventDate "2011.11.02"]
[SourceDate "2011.11.02"]

1. e4 e5 2. Bc4 Nf6 3. d3 c6 4. Bg5 h6 5. Bh4 d6 6. Nf3 Be7 7. Nc3 O-O 8. h3
Nh5 9. Nxe5 Nf4 10. Bxe7 Qxe7 11. Ng4 Nxg2+ 12. Kf1 Nh4 13. Qd2 Kh7 14. d4 f5
15. exf5 Bxf5 16. Re1 Nf3 17. Rxe7 Nxd2+ 18. Ke2 Nxc4 19. Rg1 Nd7 20. Ne3 Nxe3
21. Rgxg7+ Kh8 22. fxe3 Rg8 23. Rgf7 Raf8 24. Rxd7 Bxd7 25. Rxd7 d5 26. Rxb7
Rg7 27. Rb3 Kh7 28. e4 dxe4 29. Nxe4 Rg2+ 30. Ke3 Rxc2 31. Rb7+ Kg6 32. Rxa7
Rxb2 33. Rc7 Rb6 34. Nc5 Ra8 35. Nd7 Ra3+ 36. Ke4 Rba6 37. Nc5 Rb6 38. Nd7 Rb2
39. Rxc6+ Kg5 40. h4+ Kh5 41. Rc5+ Kxh4 42. Nf6 Kg3 43. Nh5+ Kh4 44. Nf6 Re2+
45. Kf5 Rf2+ 46. Kg6 Rg3+ 47. Kf7 Rg5 48. Rc1 h5 49. Ke6 Re2+ 50. Kf7 Kh3 51.
Rh1+ Kg2 1/2-1/2

[Event "BUL students championship"]
[Site "?"]
[Date "2011.11.06"]
[Round "7.3"]
[White "Mladenov, Plamen"]
[Black "Vlashki, Nino"]
[Result "1-0"]
[WhiteElo "2373"]
[BlackElo "2252"]
[PlyCount "71"]
[EventDate "2011.11.02"]
[SourceDate "2011.11.02"]

1. d4 Nf6 2. c4 e6 3. Nf3 c5 4. d5 exd5 5. cxd5 b5 6. Bg5 Qa5+ 7. Nc3 Ne4 8.
Qd3 Nxg5 9. Nxg5 Be7 10. Qf5 Bxg5 11. Qe5+ Be7 12. d6 Nc6 13. Qxg7 Rf8 14. dxe7
Nxe7 15. O-O-O Bb7 16. e4 a6 17. Qe5 Rc8 18. Be2 Qc7 19. Rd6 b4 20. Na4 Bc6 21.
b3 c4 22. Kb2 cxb3 23. Rc1 bxa2 24. Bg4 Rd8 25. Bxd7+ Rxd7 26. Rcxc6 Qd8 27.
Kxa2 Rxd6 28. Rxd6 Qc7 29. Qc5 Qxc5 30. Nxc5 Rg8 31. Rxa6 f5 32. Ra8+ Kf7 33.
Rxg8 Kxg8 34. exf5 Nxf5 35. Nd3 Nh4 36. Ne1 1-0

[Event "BUL students championship"]
[Site "?"]
[Date "2011.11.06"]
[Round "7.5"]
[White "Dimitrov, Alexander"]
[Black "Janev, Tihomir"]
[Result "0-1"]
[WhiteElo "2004"]
[BlackElo "2366"]
[PlyCount "150"]
[EventDate "2011.11.02"]
[SourceDate "2011.11.02"]

1. d4 Nf6 2. c4 g6 3. Nc3 Bg7 4. e4 d6 5. Nf3 O-O 6. Bg5 Na6 7. Be2 Qe8 8. O-O
e5 9. d5 h6 10. Bh4 Nh5 11. Ne1 Nf4 12. Nd3 f5 13. f3 b6 14. exf5 Bxf5 15. Bf2
Nc5 16. Nxf4 exf4 17. Re1 Qf7 18. Qd2 g5 19. b4 Nd7 20. Bd3 Ne5 21. Bxf5 Qxf5
22. Re4 a5 23. b5 g4 24. fxg4 Nxg4 25. Bd4 f3 26. Rf1 Bxd4+ 27. Qxd4 Ne5 28.
Ne2 Qg5 29. Ng3 fxg2 30. Rxf8+ Rxf8 31. Kxg2 Qc1 32. Kh3 a4 33. Rxe5 dxe5 34.
Qxe5 Qf4 35. Qe6+ Kh7 36. a3 Rf6 37. Qe7+ Rf7 38. Qe6 Qf6 39. Qe4+ Qg6 40. Qe5
Rg7 41. Qe2 h5 42. Nxh5 Qf5+ 43. Kh4 Qg5+ 44. Kh3 Qf5+ 45. Kh4 Rf7 46. Ng3 Qf3
47. Qe8 Rf4+ 48. Kh3 Qg4+ 49. Kg2 Qg6 50. Qe5 Rxc4 51. Qe7+ Qg7 52. Qe2 Rg4 53.
Kh3 Rg6 54. Qe4 Qh6+ 55. Kg2 Qg5 56. Kh3 Kh8 57. Qe8+ Rg8 58. Qe4 Rd8 59. Nf5
Qh5+ 60. Kg2 Rg8+ 61. Ng3 Qg4 62. Qe5+ Rg7 63. Qe8+ Kh7 64. Qe5 Rf7 65. Qe3 Qc4
66. Qe6 Qc2+ 67. Kh3 Qg6 68. Qe5 Rd7 69. Kg2 Kg8 70. Kg1 Qb1+ 71. Kg2 Qa2+ 72.
Kh3 Qxd5 73. Qe8+ Kh7 74. Kh4 Rf7 75. Kh3 Qd7+ 0-1

[Event "BUL students championship"]
[Site "?"]
[Date "2011.11.07"]
[Round "7.2"]
[White "Nachev, Nasko"]
[Black "Ivanov, Stojan Lubomirov"]
[Result "0-1"]
[WhiteElo "2182"]
[BlackElo "2280"]
[PlyCount "92"]
[EventDate "2011.11.02"]
[SourceDate "2011.11.02"]

1. d4 Nf6 2. Nf3 g6 3. Bf4 Bg7 4. Nbd2 d6 5. e4 O-O 6. Be2 Nbd7 7. O-O Re8 8.
h3 e5 9. dxe5 Nxe5 10. Nxe5 dxe5 11. Be3 Bd7 12. c3 Bc6 13. Qc2 Qe7 14. Bf3 Qf8
15. Bg5 h6 16. Be3 h5 17. b4 b6 18. a4 Bh6 19. Bxh6 Qxh6 20. b5 Bb7 21. a5 Qf8
22. Nb3 Nd7 23. a6 Bc8 24. Be2 Nc5 25. Bc4 Be6 26. Bxe6 Nxe6 27. Rfd1 Rad8 28.
Qe2 Rxd1+ 29. Rxd1 Rd8 30. g3 h4 31. Rd5 hxg3 32. fxg3 Rxd5 33. exd5 Nc5 34.
Nd2 Qd6 35. Ne4 Nxe4 36. Qxe4 Qc5+ 37. Kg2 Qxc3 38. d6 Qd2+ 39. Kg1 cxd6 40.
Qb7 Qe1+ 41. Kg2 Qe2+ 42. Kg1 e4 43. Qxa7 Qd1+ 44. Kg2 Qd2+ 45. Kg1 e3 46. Qa8+
Kg7 0-1

[Event "BUL students championship"]
[Site "?"]
[Date "2011.11.06"]
[Round "7.1"]
[White "Bojchev, Marian"]
[Black "Enchev, Ivajlo"]
[Result "1/2-1/2"]
[WhiteElo "2389"]
[BlackElo "2424"]
[PlyCount "64"]
[EventDate "2011.11.02"]
[SourceDate "2011.11.02"]

1. d4 Nf6 2. c4 e6 3. Nc3 c5 4. d5 exd5 5. cxd5 d6 6. Nf3 g6 7. Nd2 a6 8. a4
Bg7 9. e4 O-O 10. Be2 Re8 11. O-O Nbd7 12. Qc2 Ne5 13. h3 g5 14. Re1 Ng6 15.
Nf1 h6 16. Ng3 Nf4 17. Bd2 h5 18. Bf1 h4 19. Nge2 N6h5 20. Nxf4 Nxf4 21. Ne2
Be5 22. Bc3 Qf6 23. Bxe5 Qxe5 24. Nxf4 Qxf4 25. Ra3 Qe5 26. Rb3 f5 27. Qd1 f4
28. a5 Re7 29. Rb6 Rg7 30. Be2 g4 31. hxg4 Rh7 32. Qb3 Rg7 1/2-1/2